ՀՀ Գիտությունների ազգային ակադեմիայի հիմնարար գիտական գրադարան  =   Fundamental Scientific Library of NAS RA

Философское значение проблемы ретикулярной формации головного мозга : (Record no. 454847)

MARC details
000 -LEADER
fixed length control field 01278nam a2200253 a 4500
001 - CONTROL NUMBER
control field 000924544
003 - CONTROL NUMBER IDENTIFIER
control field AM-YEHGA
005 - DATE AND TIME OF LATEST TRANSACTION
control field 20250617160522.0
008 - FIXED-LENGTH DATA ELEMENTS--GENERAL INFORMATION
fixed length control field 121102s1960 ||||||||r|||||000|0|rus|d
040 ## - CATALOGING SOURCE
Original cataloging agency AM-YeHGA
041 0# - LANGUAGE CODE
Language code of text/sound track or separate title rus
090 ## - LOCALLY ASSIGNED LC-TYPE CALL NUMBER (OCLC); LOCAL CALL NUMBER (RLIN)
-- 457844
100 1# - MAIN ENTRY--PERSONAL NAME
Personal name Боксер, О.Я.
Relator term авт., предисл.
Relationship aut
-- aui
245 10 - TITLE STATEMENT
Title Философское значение проблемы ретикулярной формации головного мозга :
Remainder of title (В помощь самостоятельной работе студентов) /
Statement of responsibility, etc. Авт. и предисл.: О.Я. Боксер, Д.А. Мишахин, С.С. Полтырев ; Ивановский государственный медицинский институт.
260 ## - PUBLICATION, DISTRIBUTION, ETC.
Place of publication, distribution, etc. Иваново :
Name of publisher, distributor, etc. ИГМИ,
Date of publication, distribution, etc. 1960.
300 ## - PHYSICAL DESCRIPTION
Extent 32 с. :
Other physical details ил. ;
Dimensions 22 см.
504 ## - BIBLIOGRAPHY, ETC. NOTE
Bibliography, etc. note Библиогр.: с. 32
650 14 - SUBJECT ADDED ENTRY--TOPICAL TERM
Topical term or geographic name entry element Ретикулярная формация
650 14 - SUBJECT ADDED ENTRY--TOPICAL TERM
Topical term or geographic name entry element Мозг головной
650 14 - SUBJECT ADDED ENTRY--TOPICAL TERM
Topical term or geographic name entry element Философия
700 1# - ADDED ENTRY--PERSONAL NAME
Personal name Мишахин, Д.А.
Relator term авт., предисл.
Relationship aut
-- aui
700 1# - ADDED ENTRY--PERSONAL NAME
Personal name Полтырев, С.С.
Relator term авт., предисл.
Relationship aut
-- aui
710 2# - ADDED ENTRY--CORPORATE NAME
Corporate name or jurisdiction name as entry element Ивановский государственный медицинский институт
Holdings
Withdrawn status Lost status Damaged status Not for loan Collection Home library Current library Date acquired Total checkouts Full call number Barcode Date last seen Price effective from Koha item type Public note
        General Fundamental Scientific Library Fundamental Scientific Library 16/12/2020   РII/41404 FL0635428 16/12/2020 16/12/2020 Գրքեր / Books 30 Days Loan


ՀՀ ԳԱԱ հիմնարար գիտական գրադարան
ՀՀ,Երևան 0019
Մարշալ Բաղրամյան 24/6
հեռախոս:(374-10) 52-47-50
Հետադարձ կապ

All site content, except where otherwise noted, is licensed under a
Creative Commons License